| 000 | 01498nam a2200361 i 4500 | ||
|---|---|---|---|
| 003 | EG-GICUC | ||
| 005 | 20260121101157.0 | ||
| 008 | 251109b1972 ua ||||f |||| 00| 0 ara d | ||
| 040 |
_a EG-GICUC _c EG-GICUC _d EG-GICUC _erda _bara |
||
| 041 | _aara | ||
| 082 | 0 | 4 |
_221 _a345.2 _bز هـ . أ |
| 092 | 0 | 4 | _221 |
| 099 | _aLaw1 07 345.2 ز هـ . أ 1972 | ||
| 100 | 0 |
_aزهير حنفي _eمؤلف. |
|
| 245 |
_aالأصول العلمية في التنظيم الإداري لمستشفيات : _bشرح بسيط ومختصر / _cإعداد زهير حنفي. |
||
| 264 |
_aالقاهرة : _bجامعة الدول العربية-المنظمة العربية للعلوم الإدارية، مركز البحوث الإدارية، _c1972. |
||
| 300 |
_a132 صفحة : _bإيضاحيات ؛ _c24 سم. |
||
| 336 |
_2rda content _atext |
||
| 337 |
_2rda media _aComputer |
||
| 338 |
_2rda carrier _aOnline Resource |
||
| 490 | _v113 | ||
| 500 | _aيشتمل على قائمة تصويب الأخطاء | ||
| 504 | _aببليوجرافيا : صفحات 131-132 | ||
| 546 | _aالنص باللغة العربية | ||
| 650 | 1 |
_2qrmak _aالقانون الإداري |
|
| 650 | 1 |
_2qrmak _aالمستشفيات _xإدارة |
|
| 650 | 1 |
_2qrmak _aالإدارة الصحية |
|
| 650 | 1 |
_2qrmak _aالخدمات الصحية _xتنظيم وإدارة |
|
| 830 | _0 | ||
| 856 | 4 | 0 | _uhttps://fll.law.cu.edu.eg/fulltext/bks/B07-00287.pdf |
| 905 | _aWesam Mahmoud | ||
| 942 |
_2ddc _n0 _cBK _e21 |
||
| 999 |
_c41776 _d41776 |
||